Ordinary differential equations: a first course. (2nd ed.) (Record no. 52771)
[ view plain ]
| 000 -LEADER | |
|---|---|
| fixed length control field | 00694nam a2200193 a 4500 |
| 008 - FIXED-LENGTH DATA ELEMENTS--GENERAL INFORMATION | |
| fixed length control field | 120416s1973 ||||||||||||||||| || u |
| 020 ## - INTERNATIONAL STANDARD BOOK NUMBER | |
| International Standard Book Number | 0805312080 |
| 050 ## - LIBRARY OF CONGRESS CALL NUMBER | |
| Classification number | QA 371 Bra |
| 100 ## - MAIN ENTRY--PERSONAL NAME | |
| Personal name | Novel,John.A |
| 245 10 - TITLE STATEMENT | |
| Title | Ordinary differential equations: a first course. (2nd ed.) |
| 250 ## - EDITION STATEMENT | |
| Edition statement | 2nd.ed |
| 260 ## - PUBLICATION, DISTRIBUTION, ETC. | |
| Place of publication, distribution, etc. | Menlo Park (California) |
| Name of publisher, distributor, etc. | W.A. Benjamin |
| Date of publication, distribution, etc. | 1973 |
| 300 ## - PHYSICAL DESCRIPTION | |
| Extent | 470p |
| 350 ## - PRICE (NR) (BK AM CF MU VM SE) [OBSOLETE] | |
| Price | 0.00 |
| 650 ## - SUBJECT ADDED ENTRY--TOPICAL TERM | |
| Topical term or geographic name entry element | DIFFERENTIAL EQUATIONS--PROBLEMS, EXERCISES, ETC. |
| 650 #0 - SUBJECT ADDED ENTRY--TOPICAL TERM | |
| Topical term or geographic name entry element | MATHEMATICS--HANDBOOKS, MANUALS, ETC |
| 700 ## - ADDED ENTRY--PERSONAL NAME | |
| Personal name | Braver, Fred |
| 995 ## - RECOMMENDATION 995 [LOCAL, UNIMARC FRANCE] | |
| -- | 0.00 |
| -- | CBU-MAIN LIBRARY (Kitwe) |
| -- | 1 |
| -- | 12.75 |
| -- | 1 |
| -- | DAMAGED |
| -- | Main Library Open Access Collection |
| Withdrawn status | Lost status | Source of classification or shelving scheme | Damaged status | Not for loan | Home library | Current library | Shelving location | Date acquired | Total Checkouts | Full call number | Barcode | Date last seen | Price effective from | Koha item type |
|---|---|---|---|---|---|---|---|---|---|---|---|---|---|---|
| CBU-MAIN LIBRARY, KITWE. | CBU-MAIN LIBRARY, KITWE. | 11/30/2022 | QA 371 Bra | 011944 | 11/30/2022 | 11/30/2022 | MONOGRAPH |